| 000 | 00895cam a2200241 4500 | ||
|---|---|---|---|
| 001 | B958 | ||
| 008 | 090401t1987 xxu||||| |||| 00| 0 eng d | ||
| 035 | _a(Sirsi) u38825 | ||
| 041 | _aeng | ||
| 050 | _a692.3 | ||
| 110 |
_aCo-ordinating Committee For Project Information _92751 |
||
| 245 | _aCommon arrangement of work sections for building works | ||
| 260 |
_aLondon _bBuilding Project Information Committee _c1987 |
||
| 300 | _a164p. ; 30cm. | ||
| 350 | _a25 | ||
| 490 | _aCo-ordinated Project Information | ||
| 520 | _aFormed on the recommendation of the Project Information Group . Sponsored by Association of Consulting Engineers , Building Employer`s Confederation , Royal Institute of British Architects Royal Institution of Chartered Surveyors . | ||
| 650 | _aBILLS OF QUANTITIES | ||
| 650 | _aSPECIFICATION | ||
| 650 | _aWORK SECTIONS | ||
| 942 | _n0 | ||
| 948 | _c04/03/1997 | ||
| 999 |
_c90716 _d90716 |
||